| 000 | 01366nam a2200325 a 4500 | ||
|---|---|---|---|
| 003 | BLK | ||
| 005 | 20231027145347.0 | ||
| 008 | 180409b bul|||||r ||||||| ||bul|| | ||
| 010 | _aKNG00119235000 | ||
| 040 | _aBLK | ||
| 041 |
_aFRE _cFRE |
||
| 080 |
_aШвейцарска литература _b821(494) _x-3 _z821(494)-3 |
||
| 100 |
_aBongard, Edouard _eпърви автор _9435943 |
||
| 139 | _aBongard, Edouard | ||
| 245 | 1 | 0 |
_aLes nihilistes russes ou la conspiration infernale _cEdouard Bongard. _broman contemporain _nP. 1 |
| 257 | _aSWI | ||
| 260 |
_bF. Artuzzi _c1878 _9435945 _aZurich |
||
| 300 |
_a480 p. _c16 cm |
||
| 380 | _aX | ||
| 490 |
_aКолекция Редки и ценни издания _9435080 |
||
| 490 |
_aЛична библиотека на Захари Стоянов _9435931 _v55 |
||
| 852 |
_aРф 878 ЗСт _bРц |
||
| 856 | 4 |
_qjpg _fТекст _lreg users access _uhttp://185.138.176.146:18082/cgi-bin/koha/opac-retrieve-file.pl?id=217b8909f05193f853d54d0d04985593 _xpicjpg _zТекст 1 |
|
| 856 | 4 |
_qjpg _fТекст _lreg users access _uhttp://185.138.176.146:18082/cgi-bin/koha/opac-retrieve-file.pl?id=393272fd4991c3aa9f8091c7edb55a4c _xpicjpg _zТекст 2 |
|
| 942 |
_cKNG _n0 _s1 |
||
| 944 |
_aCR _c2020-11-05 _k30542 _lРусанова Ирена |
||
| 999 |
_c391310 _d391310 |
||
| 999 | _d391310 | ||
| 999 | _d391310 | ||
| 999 | _d391292 | ||